[Event "SV Erkenschwick 2 - SC Buer-Hassel 1"]
[Site "Verbandsliga - Gruppe 1 2021/"]
[Date "2022.05.22"]
[Round "9.5"]
[White "Strohmann, Andreas"]
[Black "Schulze Bisping, Franz-Adolf"]
[Result "1/2-1/2"]
[WhiteElo "1831"]
[BlackElo "1905"]
[PlyCount "35"]
[EventDate "2022.??.??"]
[WhiteTeam "SC Buer-Hassel 1"]
[BlackTeam "SV Erkenschwick 2"]

1. e4 e6 2. d4 d5 3. Nd2 dxe4 4. Nxe4 Bd7 5. Bg5 Be7 6. Bxe7 Qxe7 7. Bd3 Bc6 8.
c3 Nd7 9. Nf3 Ngf6 10. Qe2 O-O 11. O-O Rfd8 12. Rad1 Rac8 13. Rfe1 b6 14. Nxf6+
Qxf6 15. Ne5 Nxe5 16. dxe5 Qg5 17. g3 Qe7 18. Be4 1/2-1/2

[Event "SV Erkenschwick 2 - SC Buer-Hassel 1"]
[Site "Verbandsliga - Gruppe 1 2021/"]
[Date "2022.05.22"]
[Round "9.6"]
[White "Al Marawi, Abdulhadi"]
[Black "Lazarev, Vadim"]
[Result "1-0"]
[WhiteElo "1826"]
[BlackElo "1814"]
[PlyCount "51"]
[EventDate "2022.??.??"]
[WhiteTeam "SV Erkenschwick 2"]
[BlackTeam "SC Buer-Hassel 1"]

1. Nf3 Nf6 2. c4 e6 3. d4 d5 4. Nc3 Be7 5. e3 b6 6. Be2 dxc4 7. Bxc4 Bb7 8. O-O
O-O 9. a3 Nbd7 10. e4 Nxe4 11. Re1 Nxc3 12. bxc3 Bf6 13. Bf4 c5 14. Ne5 Nxe5
15. dxe5 Bg5 16. Qg4 Bxf4 17. Qxf4 Qc7 18. Re3 Qc6 19. Rg3 Qe4 20. Qg5 g6 21.
Bd3 Qd5 22. h4 f6 23. Qh6 Rf7 24. Bxg6 Qxg2+ 25. Rxg2 Bxg2 26. Bxf7+ 1-0

[Event "SV Erkenschwick 2 - SC Buer-Hassel 1"]
[Site "Verbandsliga - Gruppe 1 2021/"]
[Date "2022.05.22"]
[Round "9.7"]
[White "Reichardt, Markus"]
[Black "Broksch, Dirk"]
[Result "1/2-1/2"]
[WhiteElo "1713"]
[BlackElo "1852"]
[PlyCount "36"]
[EventDate "2022.??.??"]
[WhiteTeam "SC Buer-Hassel 1"]
[BlackTeam "SV Erkenschwick 2"]

1. e4 c5 2. Nf3 e6 3. d4 cxd4 4. Nxd4 a6 5. c4 d6 6. Nc3 Nf6 7. Be2 Be7 8. Be3
Nbd7 9. f4 Qc7 10. Rc1 b6 11. Nb3 Bb7 12. Bf3 Rc8 13. O-O Bc6 14. Nd4 Bb7 15.
f5 e5 16. Nb3 Nc5 17. Nxc5 bxc5 18. Qe2 h6 1/2-1/2

[Event "SV Erkenschwick 2 - SC Buer-Hassel 1"]
[Site "Verbandsliga - Gruppe 1 2021/"]
[Date "2022.05.22"]
[Round "9.8"]
[White "Riechenberg, Maximilian"]
[Black "Braeutigam, Martin"]
[Result "1-0"]
[WhiteElo "1549"]
[BlackElo "1595"]
[PlyCount "41"]
[EventDate "2022.??.??"]
[WhiteTeam "SV Erkenschwick 2"]
[BlackTeam "SC Buer-Hassel 1"]

1. e4 c6 2. d4 d5 3. exd5 cxd5 4. c4 Nf6 5. Nc3 Nc6 6. Nf3 Bg4 7. cxd5 Nxd5 8.
Qb3 Bxf3 9. gxf3 Nxc3 10. bxc3 Qc7 11. d5 Nb8 12. Rb1 b6 13. Bb5+ Nd7 14. Ba3
g6 15. O-O Bg7 16. Rfe1 O-O 17. Rxe7 Qf4 18. Bxd7 Rfd8 19. Rbe1 Qxf3 20. c4 Qh5
21. Bb2 1-0

[Event "Sport Union Annen 1 - SF Essen-Katernbe"]
[Site "Verbandsliga - Gruppe 1 2021/"]
[Date "2022.05.22"]
[Round "9.1"]
[White "Rosen, Willy"]
[Black "Wicht, Juergen"]
[Result "1/2-1/2"]
[WhiteElo "2114"]
[BlackElo "2018"]
[PlyCount "76"]
[EventDate "2022.??.??"]
[WhiteTeam "SF Essen-Katernberg  3"]
[BlackTeam "Sport Union Annen 1"]

1. e4 d6 2. d4 Nf6 3. Nc3 c6 4. Nf3 Bg4 5. Be3 e6 6. h3 Bxf3 7. Qxf3 d5 8. e5
Nfd7 9. Qg3 Qb6 10. O-O-O Na6 11. f4 g6 12. h4 Be7 13. Qf2 h5 14. g4 hxg4 15.
Be2 O-O-O 16. Bxg4 c5 17. h5 f5 18. exf6 Nxf6 19. Bh3 Rxh5 20. Qg2 Rdh8 21. Na4
Qc6 22. Nxc5 Nxc5 23. dxc5 Kb8 24. Bd4 R8h6 25. Qf3 Ne4 26. Bg7 Rh7 27. Be5+
Ka8 28. Bg4 Rh4 29. Rxh4 Rxh4 30. Rh1 Qxc5 31. Rxh4 Qg1+ 32. Qd1 Qe3+ 33. Kb1
Bxh4 34. Bxe6 Nd2+ 35. Ka1 g5 36. Bxd5 gxf4 37. Bc3 Qe1 38. Qxe1 Bxe1 1/2-1/2

[Event "Sport Union Annen 1 - SF Essen-Katernbe"]
[Site "Verbandsliga - Gruppe 1 2021/"]
[Date "2022.05.22"]
[Round "9.2"]
[White "Mainka, Gregor"]
[Black "Geerlings, Gerd"]
[Result "1-0"]
[WhiteElo "2121"]
[BlackElo "2022"]
[PlyCount "91"]
[EventDate "2022.??.??"]
[WhiteTeam "Sport Union Annen 1"]
[BlackTeam "SF Essen-Katernberg  3"]

1. Nf3 Nf6 2. g3 g6 3. b3 Bg7 4. Bb2 O-O 5. Bg2 d6 6. d4 e5 7. dxe5 Ng4 8. Nc3
Nxe5 9. Nxe5 Bxe5 10. Qd2 c6 11. O-O-O d5 12. e4 d4 13. Na4 Na6 14. Bxd4 Bxd4
15. Qxd4 Qa5 16. Qd2 Qc7 17. Qd6 Qa5 18. Qd2 Qc7 19. Nc3 Bg4 20. f3 Be6 21. f4
Bg4 22. Rde1 b5 23. h3 Rad8 24. Qe3 Bd7 25. e5 b4 26. Ne4 c5 27. Nd6 Qa5 28.
Kb1 Bc8 29. Bd5 Nc7 30. Bc4 Qb6 31. g4 Ne8 32. Nxc8 Rxc8 33. Rd1 Ng7 34. Rd6
Rc6 35. Rhd1 Re8 36. Qf3 Rxd6 37. Rxd6 Qc7 38. Qd3 Ne6 39. Bxe6 Rxe6 40. Qd5
Kg7 41. f5 gxf5 42. gxf5 Rxd6 43. exd6 Qd7 44. Qxc5 a5 45. Qe5+ Kg8 46. Kb2 1-0

[Event "Sport Union Annen 1 - SF Essen-Katernbe"]
[Site "Verbandsliga - Gruppe 1 2021/"]
[Date "2022.05.22"]
[Round "9.4"]
[White "Dahlbeck, Mirko"]
[Black "Sauer, Bernd"]
[Result "0-1"]
[WhiteElo "1919"]
[BlackElo "1953"]
[PlyCount "68"]
[EventDate "2022.??.??"]
[WhiteTeam "Sport Union Annen 1"]
[BlackTeam "SF Essen-Katernberg  3"]

1. e4 c6 2. d4 d5 3. exd5 cxd5 4. Bd3 Nc6 5. c3 Nf6 6. h3 e6 7. Nf3 Be7 8. O-O
O-O 9. Qe2 Bd7 10. Nbd2 a6 11. Ne5 b5 12. Nxc6 Bxc6 13. a3 Qb6 14. f4 Rfe8 15.
Nf3 Ne4 16. Ne5 f6 17. Nxc6 Qxc6 18. Bxe4 dxe4 19. f5 exf5 20. Rxf5 Qe6 21. Rf2
f5 22. a4 Bh4 23. Rf1 e3 24. axb5 Bf2+ 25. Kh1 a5 26. c4 f4 27. b3 Ra7 28. d5
Qc8 29. Rxf2 exf2 30. Qxf2 Rf7 31. Ba3 f3 32. Re1 fxg2+ 33. Kxg2 Rxf2+ 34. Kxf2
Qf5+ 0-1

[Event "Sport Union Annen 1 - SF Essen-Katernbe"]
[Site "Verbandsliga - Gruppe 1 2021/"]
[Date "2022.05.22"]
[Round "9.5"]
[White "Nautsch, Werner"]
[Black "Herrmann, Uwe"]
[Result "0-1"]
[WhiteElo "1937"]
[BlackElo "1855"]
[Annotator "daniel"]
[PlyCount "62"]
[EventDate "2022.??.??"]
[WhiteTeam "SF Essen-Katernberg  3"]
[BlackTeam "Sport Union Annen 1"]

1. f4 d5 2. Nf3 Nf6 3. b3 Bf5 4. Bb2 h6 5. d3 e6 6. e3 c6 7. Nbd2 Nbd7 8. Qe2
Qa5 9. a3 Be7 10. b4 Qc7 11. Ne5 Nxe5 12. Bxe5 Bd6 13. Nf3 a5 14. Rb1 axb4 15.
axb4 Bxe5 16. Nxe5 Nd7 17. e4 Bh7 18. exd5 cxd5 19. Nxd7 Qxd7 20. Qe5 O-O 21.
Be2 Rfc8 22. Kd2 Ra2 23. Rb2 f6 24. Qd4 Rxb2 25. Qxb2 Qd6 26. Rf1 e5 27. fxe5
fxe5 28. Qb3 e4 29. Bh5 Rf8 30. Rxf8+ Kxf8 31. dxe4 Bxe4 {ZÃo} 0-1

[Event "Sport Union Annen 1 - SF Essen-Katernbe"]
[Site "Verbandsliga - Gruppe 1 2021/"]
[Date "2022.05.22"]
[Round "9.6"]
[White "Hartung, Thomas"]
[Black "Struck, Lasse"]
[Result "1/2-1/2"]
[WhiteElo "1862"]
[BlackElo "1933"]
[PlyCount "79"]
[EventDate "2022.??.??"]
[WhiteTeam "Sport Union Annen 1"]
[BlackTeam "SF Essen-Katernberg  3"]

1. e4 c5 2. Nf3 e6 3. d4 cxd4 4. Nxd4 Nc6 5. Be3 Nf6 6. Nc3 Bb4 7. Bd3 d5 8.
Nxc6 bxc6 9. e5 d4 10. Bd2 dxc3 11. bxc3 Ba5 12. exf6 Qxf6 13. O-O Bxc3 14. Rb1
O-O 15. Bxc3 Qxc3 16. Rb3 Qc5 17. Qf3 e5 18. Rc3 Qa5 19. Qxc6 Bb7 20. Qc5 Qxc5
21. Rxc5 e4 22. Bc4 Rac8 23. Rxc8 Rxc8 24. Bb3 Rd8 25. Rb1 Bc6 26. Kf1 Kf8 27.
Ke2 e3 28. g3 exf2 29. Rf1 Bd5 30. Rxf2 Bxb3 31. axb3 Ke7 32. Rf4 Rd7 33. Ra4
Kd8 34. Ra1 Kc8 35. c3 Kb7 36. Ra2 Rd6 37. Rd2 Rf6 38. Rd7+ Kb8 39. Rd5 Rh6 40.
h4 1/2-1/2

[Event "Sport Union Annen 1 - SF Essen-Katernbe"]
[Site "Verbandsliga - Gruppe 1 2021/"]
[Date "2022.05.22"]
[Round "9.7"]
[White "Jahrke, Jonas"]
[Black "Jeschke, Holger"]
[Result "1-0"]
[WhiteElo "1769"]
[BlackElo "1895"]
[PlyCount "125"]
[EventDate "2022.??.??"]
[WhiteTeam "SF Essen-Katernberg  3"]
[BlackTeam "Sport Union Annen 1"]

1. e4 c6 2. d4 d5 3. e5 Bf5 4. h4 h6 5. g4 Bh7 6. Bd3 Bxd3 7. Qxd3 e6 8. h5 c5
9. c3 Nc6 10. Nf3 cxd4 11. cxd4 Rc8 12. Nc3 a6 13. O-O Nge7 14. Be3 g6 15. hxg6
Nxg6 16. Kg2 Nh4+ 17. Nxh4 Qxh4 18. f3 Qd8 19. Rh1 Ne7 20. Rh5 Qb6 21. Qd2 Bg7
22. Rah1 Qb4 23. Kg3 Kd7 24. a3 Qc4 25. Ne2 Qb3 26. Nc3 Rcg8 27. Kf2 Rc8 28.
Bxh6 Bxh6 29. Rxh6 Rxh6 30. Rxh6 Rg8 31. Rh7 Ke8 32. Ne2 Ng6 33. Qc3 Qxc3 34.
Nxc3 Nf4 35. Ke3 Ng2+ 36. Kd2 Ke7 37. Rh2 Nf4 38. Ke3 Ng6 39. f4 Nf8 40. Kf3
Nd7 41. f5 b5 42. f6+ Ke8 43. Rc2 Kd8 44. Ne2 Nb8 45. Kf4 Kd7 46. g5 Nc6 47.
Rc3 Rh8 48. Rg3 Ke8 49. g6 fxg6 50. Rxg6 Nd8 51. Ke3 Rh3+ 52. Rg3 Rxg3+ 53.
Nxg3 Kf7 54. Ne2 Nc6 55. Nf4 Na5 56. b4 Nc4+ 57. Kd3 Nxa3 58. Nh3 Ke8 59. Ng5
Kd7 60. f7 Ke7 61. Nxe6 Kxf7 62. Nc7 Nc4 63. Nxa6 1-0

[Event "Sport Union Annen 1 - SF Essen-Katernbe"]
[Site "Verbandsliga - Gruppe 1 2021/"]
[Date "2022.05.22"]
[Round "9.8"]
[White "Lauer, Boris"]
[Black "Gehrmann, Ulrich"]
[Result "1/2-1/2"]
[WhiteElo "1820"]
[BlackElo "1886"]
[PlyCount "50"]
[EventDate "2022.??.??"]
[WhiteTeam "Sport Union Annen 1"]
[BlackTeam "SF Essen-Katernberg  3"]

1. d4 Nf6 2. Nf3 c5 3. c3 d5 4. Bf4 cxd4 5. Bxb8 Rxb8 6. Qxd4 Qb6 7. Qxb6 axb6
8. e3 e6 9. Bb5+ Bd7 10. Bxd7+ Nxd7 11. Nbd2 Be7 12. O-O O-O 13. e4 dxe4 14.
Nxe4 Nc5 15. Nxc5 bxc5 16. Rfd1 Rfd8 17. Kf1 Rd5 18. Ke2 Kf8 19. c4 Rdd8 20.
Rxd8+ Rxd8 21. Rd1 Rxd1 22. Kxd1 Bf6 23. b3 Ke7 24. Ne1 Kd6 25. Ke2 g6 1/2-1/2

[Event "Dortmunder SV 1 - SV Bönen 1"]
[Site "Verbandsliga - Gruppe 1 2021/"]
[Date "2022.05.22"]
[Round "9.1"]
[White "Schlottmann, Fabian"]
[Black "Zeldin, Leonid"]
[Result "1-0"]
[WhiteElo "2292"]
[BlackElo "2058"]
[PlyCount "71"]
[EventDate "2022.??.??"]
[WhiteTeam "SV Bönen 1"]
[BlackTeam "Dortmunder SV 1"]

1. d4 g6 2. e4 Bg7 3. Nf3 c5 4. c3 cxd4 5. cxd4 d6 6. Nc3 Nf6 7. Bc4 O-O 8. O-O
Nxe4 9. Bxf7+ Rxf7 10. Nxe4 h6 11. h3 Nc6 12. d5 Ne5 13. Nxe5 dxe5 14. Be3 b6
15. Qd3 Bb7 16. Rfd1 Qd7 17. Rd2 Rd8 18. Rad1 Kh7 19. f3 Qc8 20. Qb3 Qd7 21. d6
e6 22. Nc3 Rdf8 23. Bf2 Rf4 24. Bg3 Rd4 25. Bf2 Rdf4 26. Qb5 Bc6 27. Qd3 Qb7
28. Bg3 Rd4 29. Qe3 Rf5 30. Kh2 Qd7 31. Ne4 Bxe4 32. fxe4 Rf7 33. Qb3 Rxe4 34.
Rc1 Qb7 35. Qxe6 Rd7 36. Rdc2 1-0

[Event "Dortmunder SV 1 - SV Bönen 1"]
[Site "Verbandsliga - Gruppe 1 2021/"]
[Date "2022.05.22"]
[Round "9.2"]
[White "Canzler, Harald"]
[Black "Merz, Martin"]
[Result "1/2-1/2"]
[WhiteElo "1953"]
[BlackElo "1968"]
[PlyCount "35"]
[EventDate "2022.??.??"]
[WhiteTeam "Dortmunder SV 1"]
[BlackTeam "SV Bönen 1"]

1. c4 Nf6 2. Nc3 e6 3. e4 d5 4. e5 d4 5. exf6 dxc3 6. bxc3 Qxf6 7. d4 c5 8. Nf3
h6 9. Bd3 Nc6 10. O-O Bd6 11. Qe2 g6 12. Be3 Kf8 13. dxc5 Bc7 14. Nd4 Kg7 15.
Rab1 a6 16. Qd2 Ne5 17. Be2 Qe7 18. Rfd1 1/2-1/2

[Event "Dortmunder SV 1 - SV Bönen 1"]
[Site "Verbandsliga - Gruppe 1 2021/"]
[Date "2022.05.22"]
[Round "9.3"]
[White "Fuest, Torsten"]
[Black "Alarand, Beshr"]
[Result "1-0"]
[WhiteElo "1916"]
[BlackElo "1929"]
[PlyCount "155"]
[EventDate "2022.??.??"]
[WhiteTeam "SV Bönen 1"]
[BlackTeam "Dortmunder SV 1"]

1. d4 Nf6 2. Bf4 e6 3. e3 d5 4. Nd2 Bd6 5. c3 Bxf4 6. exf4 Qd6 7. g3 O-O 8.
Ngf3 c5 9. dxc5 Qxc5 10. Bd3 Nc6 11. O-O b6 12. Qe2 Bb7 13. Rfe1 Rfe8 14. Ne5
Rad8 15. Rad1 d4 16. c4 Nb4 17. Nb3 Qc7 18. Bb1 Nc6 19. Qd3 Nxe5 20. fxe5 Qc6
21. f3 Qxf3 22. Qxf3 Bxf3 23. Rxd4 Ng4 24. h3 Nh6 25. Kf2 Bc6 26. g4 Rc8 27.
Rd6 Kf8 28. Nd4 Ba8 29. b3 Red8 30. g5 Ng8 31. Bxh7 Rxd6 32. exd6 Rd8 33. Nb5
g6 34. Rd1 a6 35. Nc3 Rc8 36. Na4 Rb8 37. Nxb6 Bc6 38. Na4 Bxa4 39. bxa4 Ne7
40. dxe7+ Kxe7 41. c5 Rc8 42. Rc1 Kd7 43. Kg3 Rh8 44. Bxg6 fxg6 45. Rf1 Rc8 46.
Rf7+ Kc6 47. Rf6 Kd5 48. Rxg6 Rxc5 49. h4 Rc3+ 50. Kf2 Rc2+ 51. Ke3 Rc3+ 52.
Kd2 Rh3 53. Rh6 e5 54. g6 Ke6 55. g7+ Kf7 56. Rg6 Kg8 57. Rg4 a5 58. Ke2 Ra3
59. h5 Rxa2+ 60. Kf3 Rh2 61. Rg5 Rh4 62. Kg3 Rh1 63. Kf3 Rh4 64. Ke2 Rxa4 65.
h6 Rh4 66. Rg6 Re4+ 67. Kd3 Rd4+ 68. Ke3 Rd8 69. Ra6 Kh7 70. Rf6 Rg8 71. Ke4 a4
72. Rf8 a3 73. Kf5 a2 74. Rxg8 Kxh6 75. Ra8 Kxg7 76. Rxa2 e4 77. Kxe4 Kf6 78.
Ra5 1-0

[Event "Dortmunder SV 1 - SV Bönen 1"]
[Site "Verbandsliga - Gruppe 1 2021/"]
[Date "2022.05.22"]
[Round "9.4"]
[White "Wolff, Torsten"]
[Black "Mönkemeyer, Maik"]
[Result "1/2-1/2"]
[WhiteElo "1863"]
[BlackElo "1852"]
[PlyCount "52"]
[EventDate "2022.??.??"]
[WhiteTeam "Dortmunder SV 1"]
[BlackTeam "SV Bönen 1"]

1. d4 d5 2. c4 e6 3. Nf3 Nf6 4. e3 c6 5. Bd3 Bd6 6. O-O O-O 7. Nbd2 Nbd7 8. e4
dxe4 9. Nxe4 Nxe4 10. Bxe4 Nf6 11. Bc2 Re8 12. Qe2 Qc7 13. b3 e5 14. dxe5 Bxe5
15. Nxe5 Rxe5 16. Qf3 Rh5 17. Qf4 Qxf4 18. Bxf4 Be6 19. f3 Ra5 20. Bc7 Ra6 21.
a4 Rc8 22. Bg3 b5 23. cxb5 cxb5 24. Bd3 Rb6 25. Bf2 Rd6 26. Bxb5 a6 1/2-1/2

[Event "Dortmunder SV 1 - SV Bönen 1"]
[Site "Verbandsliga - Gruppe 1 2021/"]
[Date "2022.05.22"]
[Round "9.5"]
[White "Helmert, Jochen"]
[Black "Köhler, Eckart"]
[Result "1/2-1/2"]
[WhiteElo "1894"]
[BlackElo "1878"]
[PlyCount "66"]
[EventDate "2022.??.??"]
[WhiteTeam "SV Bönen 1"]
[BlackTeam "Dortmunder SV 1"]

1. e4 c5 2. Nf3 Nc6 3. Bb5 g6 4. O-O Bg7 5. Bxc6 dxc6 6. h3 Nf6 7. d3 O-O 8.
Nc3 Nd7 9. Bf4 e5 10. Bd2 Re8 11. a3 Nf8 12. b4 cxb4 13. axb4 Ne6 14. b5 Bd7
15. Rb1 Rc8 16. bxc6 Bxc6 17. Nb5 Bxb5 18. Rxb5 Qc7 19. Qb1 b6 20. Rc1 Nd4 21.
Nxd4 exd4 22. Qb3 Re5 23. Rxe5 Bxe5 24. Qb2 Bh2+ 25. Kh1 Be5 26. g3 Qd7 27. Kg2
h5 28. Ra1 h4 29. f4 Bb8 30. g4 Qc7 31. Ra2 Qd7 32. Qb3 Kh7 33. g5 Rc6 1/2-1/2

[Event "Dortmunder SV 1 - SV Bönen 1"]
[Site "Verbandsliga - Gruppe 1 2021/"]
[Date "2022.05.22"]
[Round "9.6"]
[White "Meinschien, Finn"]
[Black "Lenz, Guntram"]
[Result "1-0"]
[WhiteElo "1854"]
[BlackElo "1850"]
[PlyCount "77"]
[EventDate "2022.??.??"]
[WhiteTeam "Dortmunder SV 1"]
[BlackTeam "SV Bönen 1"]

1. e4 c6 2. d4 d5 3. Nc3 dxe4 4. Nxe4 Bf5 5. Ng3 Bg6 6. h4 h6 7. Nf3 Nd7 8. h5
Bh7 9. Bd3 Bxd3 10. Qxd3 e6 11. Bd2 Ngf6 12. O-O-O Be7 13. Qe2 O-O 14. Ne5 Qc7
15. f4 Bd6 16. Ne4 Nxe4 17. Qxe4 f5 18. Qe2 Nf6 19. Qc4 Rfe8 20. Rde1 Ne4 21.
Bb4 Bxe5 22. dxe5 b5 23. Qb3 c5 24. Bd2 Rad8 25. Re2 Qc6 26. Rg1 Rd5 27. g4 c4
28. Qe3 Red8 29. Ba5 R8d7 30. gxf5 exf5 31. Ree1 Qa6 32. Qa3 Qc6 33. Rg6 Qb7
34. e6 R7d6 35. Bb4 Qb6 36. Bxd6 Qf2 37. Qe3 Qxe3+ 38. Rxe3 Nf2 39. Re1 1-0

[Event "Dortmunder SV 1 - SV Bönen 1"]
[Site "Verbandsliga - Gruppe 1 2021/"]
[Date "2022.05.22"]
[Round "9.7"]
[White "Wegner, Stephan"]
[Black "Kumler, Steffen"]
[Result "1/2-1/2"]
[WhiteElo "1753"]
[BlackElo "1703"]
[PlyCount "50"]
[EventDate "2022.??.??"]
[WhiteTeam "SV Bönen 1"]
[BlackTeam "Dortmunder SV 1"]

1. e4 c6 2. d4 d5 3. exd5 cxd5 4. c4 Nf6 5. Nc3 Nc6 6. Nf3 Bg4 7. Be3 e6 8. Qb3
Bxf3 9. gxf3 Bb4 10. Be2 Qa5 11. Rc1 Rb8 12. O-O dxc4 13. Qxc4 O-O 14. Ne4 Nd5
15. a3 Nxe3 16. fxe3 Bd2 17. Nxd2 Qxd2 18. Qd3 Qxb2 19. Rb1 Qa2 20. Rb3 a6 21.
Rfb1 Na5 22. R1b2 Qa1+ 23. Rb1 Qa2 24. R1b2 Qa1+ 25. Rb1 Qa2 1/2-1/2

[Event "Dortmunder SV 1 - SV Bönen 1"]
[Site "Verbandsliga - Gruppe 1 2021/"]
[Date "2022.05.22"]
[Round "9.8"]
[White "Lanwehr, Klaus"]
[Black "Volling, Andreas"]
[Result "1/2-1/2"]
[WhiteElo "1748"]
[BlackElo "1814"]
[PlyCount "68"]
[EventDate "2022.??.??"]
[WhiteTeam "Dortmunder SV 1"]
[BlackTeam "SV Bönen 1"]

1. d4 d5 2. c4 c6 3. Nc3 Nf6 4. Bg5 e6 5. e3 Nbd7 6. Nf3 Bd6 7. Be2 dxc4 8.
Bxc4 O-O 9. O-O Qc7 10. Rc1 Qb8 11. Qc2 e5 12. Ne4 Nxe4 13. Qxe4 exd4 14. Qxd4
Ne5 15. Nxe5 Bxe5 16. Qh4 Be6 17. Bxe6 fxe6 18. b3 Qe8 19. Qe4 Rf5 20. f4 Bc7
21. Rfd1 Rd5 22. Kf2 Qf7 23. Rxd5 exd5 24. Qe7 Qxe7 25. Bxe7 Re8 26. Bc5 Bb6
27. Bxb6 axb6 28. a4 Re4 29. Rd1 Kf7 30. Rd4 Rxd4 31. exd4 c5 32. g4 Kf6 33.
Ke3 Ke6 34. Kd3 Kd6 1/2-1/2

[Event "SK Sodingen/Castrop 2 - SV Bottrop 1"]
[Site "Verbandsliga - Gruppe 2 2021/"]
[Date "2022.05.22"]
[Round "9.1"]
[White "Stadtmann, Jens"]
[Black "Haberhausen, Ansgar"]
[Result "1-0"]
[WhiteElo "2171"]
[BlackElo "1994"]
[PlyCount "61"]
[EventDate "2022.??.??"]
[WhiteTeam "SV Bottrop 1"]
[BlackTeam "SK Sodingen/Castrop 2"]

1. c4 e6 2. b3 d5 3. g3 Nf6 4. Bg2 c6 5. Nf3 Nbd7 6. Bb2 Bd6 7. d4 O-O 8. O-O
Re8 9. Nbd2 e5 10. dxe5 Nxe5 11. cxd5 cxd5 12. Nxe5 Bxe5 13. Bxe5 Rxe5 14. Nf3
Re7 15. Qd2 Be6 16. Rfc1 h6 17. Nd4 Qb6 18. e3 Rc8 19. Nxe6 Rxc1+ 20. Rxc1 Qxe6
21. Qc3 b6 22. Qc8+ Kh7 23. Bh3 Qxc8 24. Rxc8 g5 25. Bf5+ Kg7 26. g4 h5 27. h3
hxg4 28. hxg4 Ne4 29. Rc6 Nf6 30. Kg2 Kf8 31. Rxf6 1-0

[Event "SK Sodingen/Castrop 2 - SV Bottrop 1"]
[Site "Verbandsliga - Gruppe 2 2021/"]
[Date "2022.05.22"]
[Round "9.2"]
[White "Zwielich, Frank"]
[Black "Boehm, Joachim"]
[Result "0-1"]
[WhiteElo "1952"]
[BlackElo "2194"]
[Annotator "daniel"]
[PlyCount "116"]
[EventDate "2022.??.??"]
[WhiteTeam "SK Sodingen/Castrop 2"]
[BlackTeam "SV Bottrop 1"]

1. d4 d5 2. Nf3 Nf6 3. e3 c5 4. b3 Nc6 5. Bb2 cxd4 6. exd4 Bg4 7. Nbd2 e6 8. h3
Bh5 9. g4 Bg6 10. Ne5 Nxe5 11. dxe5 Nd7 12. Bd3 Qc7 13. f4 Bxd3 14. cxd3 $11
Bb4 15. a3 Bxd2+ 16. Qxd2 Qb6 17. b4 O-O 18. Qf2 Qb5 19. Kd2 a5 20. Bc3 d4 21.
Qxd4 Rfd8 22. Qc4 Qxc4 23. dxc4 Nxe5+ 24. Ke2 Nxc4 25. bxa5 Nxa5 26. Rhb1 Rd7
27. a4 Nc6 28. a5 f6 29. a6 bxa6 30. Rb6 Rc8 31. Raxa6 Ne7 32. Rb3 Kf7 33. Ra2
Rc4 34. Bd2 Nd5 35. Kf3 Rdc7 36. h4 R4c5 37. h5 Rc4 38. Rab2 e5 39. fxe5 fxe5
40. Rb5 Ke6 41. Ra2 e4+ 42. Kg3 Rd4 43. Ra6+ Ke7 44. Bg5+ Kf7 45. Raa5 Rd3+ 46.
Kh4 Rcc3 47. Bd2 Rh3+ 48. Kg5 Rcf3 49. Rb7+ Ne7 50. Rf5+ Rxf5+ 51. gxf5 Rf3 52.
Bb4 Rxf5+ 53. Kg4 Re5 54. Kf4 Re6 55. Rxe7+ Rxe7 56. Bxe7 Kxe7 57. Kxe4 Kf6 58.
Kf4 h6 0-1

[Event "SK Sodingen/Castrop 2 - SV Bottrop 1"]
[Site "Verbandsliga - Gruppe 2 2021/"]
[Date "2022.05.22"]
[Round "9.3"]
[White "Mohrholz, Uwe"]
[Black "Schriewer, Thomas"]
[Result "1/2-1/2"]
[WhiteElo "1993"]
[BlackElo "1865"]
[PlyCount "81"]
[EventDate "2022.??.??"]
[WhiteTeam "SV Bottrop 1"]
[BlackTeam "SK Sodingen/Castrop 2"]

1. d4 d5 2. Nf3 Nf6 3. c4 c6 4. Nc3 e6 5. Bf4 dxc4 6. e4 b5 7. Qc2 Bb7 8. Be2
Nbd7 9. O-O Be7 10. Rad1 Qb6 11. Rfe1 O-O 12. Ne5 Rad8 13. g4 Nxe5 14. Bxe5 c5
15. dxc5 Bxc5 16. Bf3 Rxd1 17. Rxd1 Rd8 18. Rxd8+ Qxd8 19. Nxb5 Qd3 20. Qxd3
cxd3 21. Bxf6 gxf6 22. Nc3 Bd4 23. Bd1 Bxc3 24. bxc3 Bxe4 25. f3 Bd5 26. a3 Kf8
27. Kf2 Ke7 28. Ke3 Bc4 29. Kd4 Ba6 30. c4 d2 31. f4 e5+ 32. fxe5 fxe5+ 33.
Kxe5 Bxc4 34. g5 Bd3 35. Kd4 Bf1 36. Ke3 f6 37. gxf6+ Kxf6 38. Kxd2 Ke5 39. Ke3
h6 40. Bf3 Bc4 41. Be4 1/2-1/2

[Event "SK Sodingen/Castrop 2 - SV Bottrop 1"]
[Site "Verbandsliga - Gruppe 2 2021/"]
[Date "2022.05.22"]
[Round "9.4"]
[White "Balke, Reiner"]
[Black "Masberg, Stefan"]
[Result "1/2-1/2"]
[WhiteElo "1856"]
[BlackElo "1917"]
[PlyCount "65"]
[EventDate "2022.??.??"]
[WhiteTeam "SK Sodingen/Castrop 2"]
[BlackTeam "SV Bottrop 1"]

1. d4 Nf6 2. Nf3 e6 3. g3 Be7 4. Bg2 O-O 5. c4 d5 6. Nbd2 c5 7. cxd5 exd5 8.
dxc5 Na6 9. Nb3 Nxc5 10. O-O Nce4 11. h3 Re8 12. Bf4 Bd6 13. Bxd6 Qxd6 14. g4
h6 15. Nbd4 Bd7 16. Rc1 Rac8 17. Qd3 Nc5 18. Qb1 Nfe4 19. e3 Qf6 20. Rfd1 Be6
21. Nb5 a6 22. Nc3 Nxc3 23. Rxc3 Ne4 24. Rxc8 Rxc8 25. Rc1 Rxc1+ 26. Qxc1 h5
27. gxh5 Bxh3 28. Bxh3 Qxf3 29. Qc8+ Kh7 30. Qf5+ Qxf5 31. Bxf5+ Kh6 32. Bg4
Kg5 33. Bf3 1/2-1/2

[Event "SK Sodingen/Castrop 2 - SV Bottrop 1"]
[Site "Verbandsliga - Gruppe 2 2021/"]
[Date "2022.05.22"]
[Round "9.5"]
[White "Gierse, Heinz-Dieter"]
[Black "Evertz, Dieter"]
[Result "1/2-1/2"]
[WhiteElo "1896"]
[BlackElo "1906"]
[PlyCount "44"]
[EventDate "2022.??.??"]
[WhiteTeam "SV Bottrop 1"]
[BlackTeam "SK Sodingen/Castrop 2"]

1. Nf3 g6 2. g3 d5 3. Bg2 Bg7 4. d3 Nf6 5. O-O O-O 6. Nbd2 c6 7. h3 Re8 8. e4
e5 9. Re1 Qc7 10. b3 a5 11. a3 Nbd7 12. Bb2 b6 13. exd5 cxd5 14. c4 Bb7 15.
cxd5 Rad8 16. d6 Qxd6 17. Nc4 Qb8 18. Nfxe5 Bxg2 19. Kxg2 Nxe5 20. Bxe5 Qa8+
21. Kg1 b5 22. Nb2 Qd5 1/2-1/2

[Event "SK Sodingen/Castrop 2 - SV Bottrop 1"]
[Site "Verbandsliga - Gruppe 2 2021/"]
[Date "2022.05.22"]
[Round "9.6"]
[White "Schaefer, Michael"]
[Black "Jaeger, Heinz"]
[Result "0-1"]
[WhiteElo "1659"]
[BlackElo "1968"]
[PlyCount "52"]
[EventDate "2022.??.??"]
[WhiteTeam "SK Sodingen/Castrop 2"]
[BlackTeam "SV Bottrop 1"]

1. d4 d5 2. c4 e6 3. Nf3 Nf6 4. Bg5 Be7 5. Nc3 c6 6. e3 Ne4 7. Bxe7 Qxe7 8.
Nxe4 dxe4 9. Nd2 f5 10. Be2 O-O 11. O-O Nd7 12. f3 exf3 13. Nxf3 e5 14. dxe5
Nxe5 15. Nxe5 Qxe5 16. Qd4 Qe7 17. Rae1 Be6 18. Qe5 Rae8 19. Kh1 Rf6 20. Qc3
Bf7 21. Bd3 g6 22. e4 Re6 23. Rf4 Qd6 24. Ref1 Rd8 25. exf5 Re3 26. fxg6 Bxg6
0-1

[Event "SK Sodingen/Castrop 2 - SV Bottrop 1"]
[Site "Verbandsliga - Gruppe 2 2021/"]
[Date "2022.05.22"]
[Round "9.7"]
[White "Ruhmann, Gabriel"]
[Black "Baumeister, Christoph"]
[Result "1/2-1/2"]
[WhiteElo "1711"]
[BlackElo "1932"]
[PlyCount "46"]
[EventDate "2022.??.??"]
[WhiteTeam "SV Bottrop 1"]
[BlackTeam "SK Sodingen/Castrop 2"]

1. d4 Nf6 2. Nf3 d6 3. Bg5 g6 4. Bxf6 exf6 5. c4 Bg7 6. Nc3 O-O 7. g3 f5 8. e3
Nd7 9. Bg2 Nf6 10. O-O Re8 11. Qc2 c6 12. Rac1 Be6 13. b3 h6 14. Ne1 Rc8 15.
Nd3 d5 16. cxd5 Nxd5 17. Nxd5 Bxd5 18. Bxd5 Qxd5 19. Qc5 Qe4 20. Qc2 h5 21. Nf4
Qf3 22. Qe2 Qe4 23. Qc2 Qf3 1/2-1/2